Atomnaja fizika : Tom 2. Osnovy kvantovoj mechaniki i strojnije elektronnoj oboločki atoma

Gespeichert in:
Bibliographische Detailangaben
1. Verfasser: Špoľskij, Eduard V. (Verfasst von)
Format: Buch
Sprache:Russisch
Veröffentlicht: Moskva : Nauka, 1974
Ausgabe:4.izd.
Tags: Tag hinzufügen
Keine Tags, Fügen Sie das erste Tag hinzu!

MARC

LEADER 00000nam a22000003a 4500
001 stu194010
005 20150617230026.2
008 091026s1974----xxr-----------------rus-d
040 |a STU  |b slo 
041 0 |a rus 
044 |a xxr 
080 |a 539.1 
080 |a 075.8 
100 1 |a Špoľskij, Eduard V.  |4 aut 
245 1 |a Atomnaja fizika :  |b Tom 2. Osnovy kvantovoj mechaniki i strojnije elektronnoj oboločki atoma 
250 |a 4.izd. 
260 |a Moskva :  |b Nauka,  |c 1974 
300 |a 442 s 
996 |b E34753  |c E*34753  |l EE10  |s P  |a 0  |w stu194010_0001